000 00501nam a22001937a 4500
003 koha_MIRAKIL
005 20231213100053.0
008 231213b |||||||| |||| 00| 0 ||| d
020 _b978-6-05-505646-9
040 _aTR-IsEVY
_btur
_cTR-IsEVY
082 _a741.5 DIC/İ
100 _aDickens, Charles.
245 0 _aİki şehrin hikayesi
260 _bNTV Yayınları,
_c2015
300 _a143 s.
650 _aÇizgi roman, İngiliz.
650 _aComic books, English.
942 _2ddc
_cBK
999 _c14038
_d14038